Vida de la V.M.R.M. Maria Anna Agueda de S. Ignacio, primera Priora del religiosissimo Convento de Dominicas Recoletas de Santa Rosa de la Puebla de los Angeles / compuesta por el P. Joseph Bellido de la Sagrada Compañia de Jesus la saca a la luz el Ilmo. Sr. Dr. D. Domingo Pantaleon Alvarez de Abreu, Arzobispo de la Isla de Santo Domingo, y dignissimo Obispo de la ciudad de la Puebla de los Angeles en el Reyno de Mexico

Detalles Bibliográficos
Autor principal: Bellido, José
Formato: Libro
Lenguaje:Spanish
Publicado: en Mexico : en la imprenta de la Biblioteca Mexicana, 1758.
Materias:
Colección:Banco de datos
Acervo:Monasterio de Santa Catalina de Siena de la Orden de Santo Domingo de Morelia. Michoacán
Descripción Física:[15] h., 410 p., [6] h. : il. ; 4°
Tema general:Biografías
Notas:Incluye retrato de la Madre María Ana Agueda elaborado por Ortuño en grabado calcográfico. Portada con orla en grabado xilográfico. Encuadernación en pergamino. Marca de fuego: Monasterio de Santa Catalina de Siena de Morelia, Michoacán. Sello en tinta de las Dominicas de Santa Catalina de Morelia. Daños de humedad, polilla, y en la encuadernación (192)
LEADER 01363nam a22001690004500
035 |a 148 
041 0 |a spa 
100 1 |a Bellido, José 
245 1 0 |a Vida de la V.M.R.M. Maria Anna Agueda de S. Ignacio, primera Priora del religiosissimo Convento de Dominicas Recoletas de Santa Rosa de la Puebla de los Angeles / compuesta por el P. Joseph Bellido de la Sagrada Compañia de Jesus la saca a la luz el Ilmo. Sr. Dr. D. Domingo Pantaleon Alvarez de Abreu, Arzobispo de la Isla de Santo Domingo, y dignissimo Obispo de la ciudad de la Puebla de los Angeles en el Reyno de Mexico 
260 |a en Mexico : en la imprenta de la Biblioteca Mexicana, 1758. 
300 |a [15] h., 410 p., [6] h. : il. ; 4° 
500 |a Incluye retrato de la Madre María Ana Agueda elaborado por Ortuño en grabado calcográfico. Portada con orla en grabado xilográfico. Encuadernación en pergamino. Marca de fuego: Monasterio de Santa Catalina de Siena de Morelia, Michoacán. Sello en tinta de las Dominicas de Santa Catalina de Morelia. Daños de humedad, polilla, y en la encuadernación (192) 
650 1 0 |a Biografías 
949 |a Monasterio de Santa Catalina de Siena y Santa Ana del Convento de Dominicas de Morelia, Michoacán: 191, 192 
942 |c DOMMOR 
943 |g Monasterio de Santa Catalina de Siena de la Orden de Santo Domingo de Morelia. Michoacán 
999 |c 1104204  |d 1104204